000 00921nam a2200253 i 4500
003 CO-ViMGA
005 20230915224423.0
008 201222s2020 ck a|||ar|||| 00| 1 spa d
020 _a9789585161122
040 _aCO-ViMGA
_bspa
_cCO-ViMGA
084 _aA CUE66
100 1 _aCuellar Serrano, Olga
_d1958-
_eautora
_9100517
245 1 0 _aMis opuestos
_cOlga Cuellar
250 _aEdicion especial
260 _aBogota :
_bLoqueleo,
_c2020
300 _a14 paginas sin numerar
_bilustraciones
_c16 cm
490 0 _aPlan Nacional de Lectura y Escritura Leer es mi Cuento / Ministerio de Cultura
650 1 7 _aAlbumes infantiles colombianos
_ySiglo XX
_2LEMB
_9502
650 1 7 _aAutores colombianos
_ySiglo XX
_2LEMB
_93714
650 1 7 _aEmociones
_vAlbum
_2LEMB
_9110878
650 1 7 _aEspaƱol
_xSinonimos y antonimos
_vAlbum
_2LEMB
_9149628
650 1 7 _aLiteratura infantil colombiana
_ySiglo XX
_2LEMB
_9389
942 _2ddc
_cBK
999 _c9160
_d9160